UM Logo

Child and adolescent development/ (Record no. 160)

MARC details
000 -LEADER
fixed length control field 00694nam a22002177a 4500
005 - DATE AND TIME OF LATEST TRANSACTION
control field 20251004062519.0
008 - FIXED-LENGTH DATA ELEMENTS--GENERAL INFORMATION
fixed length control field 151103b xxu||||| |||| 00| 0 eng d
020 ## - INTERNATIONAL STANDARD BOOK NUMBER
International Standard Book Number 971-0412-67-9
082 ## - DEWEY DECIMAL CLASSIFICATION NUMBER
Classification number DFil 155.4
Item number An613
100 ## - MAIN ENTRY--PERSONAL NAME
9 (RLIN) 221
Personal name Anonat, Rosa Dematera
Titles and words associated with a name Ed.D.
245 ## - TITLE STATEMENT
Title Child and adolescent development/
Statement of responsibility, etc. Rosa Dematera Anonat
250 ## - EDITION STATEMENT
Edition statement Revised edition
260 ## - PUBLICATION, DISTRIBUTION, ETC. (IMPRINT)
Place of publication, distribution, etc. Mandaluyong City:
Name of publisher, distributor, etc. Books Atbp. Publishing Corp.;
Date of publication, distribution, etc. c2014.
300 ## - PHYSICAL DESCRIPTION
Extent xii, 254 pages;
Dimensions 25 cm.
500 ## - GENERAL NOTE
General note Includes bibliographical references.
650 #0 - SUBJECT ADDED ENTRY--TOPICAL TERM
9 (RLIN) 222
Topical term or geographic name as entry element Child psychology
650 #0 - SUBJECT ADDED ENTRY--TOPICAL TERM
Topical term or geographic name as entry element Adolescent development.
9 (RLIN) 224
650 #0 - SUBJECT ADDED ENTRY--TOPICAL TERM
9 (RLIN) 223
Topical term or geographic name as entry element Child development
365 ## - TRADE PRICE
Price amount 560.00
Currency code PHP.
942 ## - ADDED ENTRY ELEMENTS (KOHA)
Source of classification or shelving scheme Dewey Decimal Classification
Koha item type Filipiniana
Holdings
Withdrawn status Lost status Source of classification or shelving scheme Damaged status Not for loan Collection code Home library Current library Shelving location Date acquired Source of acquisition Total Checkouts Full call number Barcode Date last seen Date last checked out Copy number Price effective from Koha item type
    Dewey Decimal Classification     Filipiniana UM Digos College - LIC UM Digos College - LIC Book Cart 08/28/2015 Purchased 36 DFil 155.4 An613 2014 23551 05/15/2025 03/01/2019 1 11/03/2015 Filipiniana